000 00800nam a2200289Ia 4500
005 20250425161846.0
008 250425s9999 xx 000 0 und d
020 _a9586009750
041 _aspa
043 _ack
082 _a658.05
100 _aTAPSCOTT, DON
245 0 _aLA ERA DE LOS NEGOCIOS ELECTRONICOS: COMO GENERAR UTILIDADES EN LA ECONOMIA DIGITAL
250 _a1A ED.
260 _aBOGOTA
260 _aColombia
_bMCGRAW-HILL
_c1999
300 _a412
500 _aTítulo Traducido: BLUEPRINT TO THE DIGITAL ECONOMY
650 _aECONOMIA DIGITAL
650 _aEMPRESAS
650 _aGESTION ESTRATEGICA
650 _aREDES LOGICAS
700 _aCECILIA AVILA DE BARON
_etraductor
710 _aMCGRAW-HILL INTERAMERICANA, S.A.
942 _c01
010 _a32660
999 _c217576
_d217576